Philosophy in the twentieth century
This contribution to the philosophy was originally conceived as a sequel to Bertrand Russell's A history of Western philosophy. It fulfils this intention to the exten that it also confines itself to the West, that , apart from a revaluation of William James and a considerably expanded treatment...
Сохранить в:
| Главный автор: | |
|---|---|
| Формат: | |
| Язык: | Undetermined |
| Опубликовано: |
London
Counterpoint
1984
|
| Предметы: | |
| Метки: |
Добавить метку
Нет меток, Требуется 1-ая метка записи!
|
| Thư viện lưu trữ: | Trung tâm Học liệu Trường Đại học Cần Thơ |
|---|
| LEADER | 00993nam a2200193Ia 4500 | ||
|---|---|---|---|
| 001 | CTU_109134 | ||
| 008 | 210402s9999 xx 000 0 und d | ||
| 082 | |a 190.904 | ||
| 082 | |b A976 | ||
| 100 | |a Ayer, A. J. | ||
| 245 | 0 | |a Philosophy in the twentieth century | |
| 245 | 0 | |c A. J. Ayer | |
| 260 | |a London | ||
| 260 | |b Counterpoint | ||
| 260 | |c 1984 | ||
| 520 | |a This contribution to the philosophy was originally conceived as a sequel to Bertrand Russell's A history of Western philosophy. It fulfils this intention to the exten that it also confines itself to the West, that , apart from a revaluation of William James and a considerably expanded treatment of Russell himself, it takes up the story at the point where he left off, and that rather than mention a whole host of philosophers who have made some contribution to the subject, and devote a few lines to each,... | ||
| 650 | |a Philosophy, modern | ||
| 904 | |i Truc | ||
| 980 | |a Trung tâm Học liệu Trường Đại học Cần Thơ | ||